[Event "15. Obert Int. Sant Marti 2013"]
[Site "Barcelona ESP"]
[Date "2013.07.14"]
[Round "2.11"]
[White "Dukaczewski, Piotr"]
[Black "Aloma Vidal, Robert"]
[Result "1-0"]
[WhiteElo "2226"]
[BlackElo "2421"]
[PlyCount "70"]
[EventDate "2013.07.13"]
[EventType "swiss"]
[EventRounds "9"]
[EventCountry "ESP"]
[SourceTitle "Ajedrez en Madrid"]
[Source "lmi"]
[SourceDate "2013.07.13"]
[SourceVersion "1"]
[SourceVersionDate "2019.06.21"]
[SourceQuality "1"]

1. c4 g6 2. Nc3 Bg7 3. g3 e5 4. Bg2 d6 5. d3 f5 6. Nf3 Nf6 7. O-O O-O 8. Rb1 h6
9. b4 g5 10. Nd2 Nc6 11. b5 Ne7 12. Qb3 f4 13. Nde4 Kh8 14. Nxf6 Rxf6 15. Nd5
Nxd5 16. Bxd5 Qe8 17. Re1 h5 18. Bd2 g4 19. gxf4 exf4 20. Bc3 Rg6 21. Be4 Rg5
22. Bxg7+ Rxg7 23. Qc3 Qe7 24. Qd4 Qg5 25. Kh1 Bf5 26. Bxb7 Re8 27. e3 f3 28.
Rg1 Qh6 29. Rbf1 h4 30. a4 Re5 31. Qxa7 g3 32. Bxf3 gxf2 33. Rxg7 Qxg7 34. e4
Bg6 35. Qxf2 Qf6 1-0

[Event "15. Obert Int. Sant Marti 2013"]
[Site "Barcelona ESP"]
[Date "2013.07.14"]
[Round "2.12"]
[White "Ramirez Garcia, Jorge Alberto"]
[Black "Fernandez Romero, Ernesto"]
[Result "0-1"]
[WhiteElo "2303"]
[BlackElo "2480"]
[PlyCount "114"]
[EventDate "2013.07.13"]
[EventType "swiss"]
[EventRounds "9"]
[EventCountry "ESP"]
[SourceTitle "Ajedrez en Madrid"]
[Source "lmi"]
[SourceDate "2013.07.13"]
[SourceVersion "1"]
[SourceVersionDate "2019.06.21"]
[SourceQuality "1"]

1. e4 c5 2. c3 d6 3. d4 Qc7 4. Be3 g6 5. dxc5 dxc5 6. Bc4 Nf6 7. Nf3 e6 8. Nbd2
Nbd7 9. O-O Bg7 10. Qe2 O-O 11. Ne1 b6 12. f3 Bb7 13. Nd3 a6 14. a4 Bc6 15. Qf2
Rfd8 16. Bb3 Bb7 17. Rfd1 Bf8 18. Nf4 Re8 19. h4 Bd6 20. g3 b5 21. Kg2 c4 22.
Bc2 h5 23. Kh3 e5 24. Ne2 Nc5 25. Nf1 Bf8 26. Bg5 Nfd7 27. Nd2 Ne6 28. Be3 Ndc5
29. axb5 axb5 30. b3 Nd3 31. Qg1 Rad8 32. bxc4 Nb2 33. Rdb1 Nxc4 34. Nxc4 Qxc4
35. Qe1 Nc5 36. Kh2 Nd3 37. Qf1 Qc6 38. Rd1 Nb2 39. Rxd8 Rxd8 40. Qb1 Nc4 41.
Bg5 f6 42. Bc1 Bc8 43. Ng1 Be6 44. Bb3 Bc5 45. Qc2 Qd6 46. Bh6 Kh7 47. Bc1 Qd3
48. Qxd3 Rxd3 49. Ne2 Rxf3 50. Ra6 Rf2+ 51. Kh1 Bg4 52. Rc6 Bxe2 53. Rc7+ Kg8
54. Rxc5 Rf1+ 55. Kh2 Rxc1 56. Rxb5 Rxc3 57. Kg2 Bf3+ 0-1

[Event "15. Obert Int. Sant Marti 2013"]
[Site "Barcelona ESP"]
[Date "2013.07.14"]
[Round "2.13"]
[White "Escobar Forero, Alder"]
[Black "Forsaa, Espen"]
[Result "1/2-1/2"]
[WhiteElo "2466"]
[BlackElo "2293"]
[PlyCount "127"]
[EventDate "2013.07.13"]
[EventType "swiss"]
[EventRounds "9"]
[EventCountry "ESP"]
[SourceTitle "Ajedrez en Madrid"]
[Source "lmi"]
[SourceDate "2013.07.13"]
[SourceVersion "1"]
[SourceVersionDate "2019.06.21"]
[SourceQuality "1"]

1. e4 c5 2. Nf3 d6 3. d4 cxd4 4. Qxd4 Nc6 5. Bb5 Bd7 6. Bxc6 Bxc6 7. Nc3 e6 8.
Bg5 Nf6 9. O-O-O Be7 10. Rhe1 Qa5 11. Kb1 O-O 12. h4 h6 13. Bc1 Ng4 14. Qd2 Qc5
15. Qf4 h5 16. Be3 Nxe3 17. Rxe3 b5 18. g4 b4 19. Ne2 Rac8 20. Rg1 e5 21. Qf5
g6 22. gxh5 Qxc2+ 23. Ka1 Qd1+ 24. Rxd1 gxf5 25. exf5 Bxf3 26. Rxf3 Bxh4 27.
Kb1 Rc6 28. Rg1+ Kh7 29. Rg4 Bf6 30. Rxb4 d5 31. Rc3 Rd6 32. Rd3 e4 33. Rd2
Rfd8 34. Rb7 R8d7 35. Rxd7 Rxd7 36. Nc3 Bxc3 37. bxc3 Kh6 38. f3 exf3 39. Rf2
Kxh5 40. Rxf3 Kg4 41. Rf1 d4 42. cxd4 Rxd4 43. Kc2 f6 44. Kb3 Rf4 45. Rg1+ Kxf5
46. Rg7 a5 47. Ra7 Rb4+ 48. Ka3 Rb8 49. Rxa5+ Kg4 50. Ra4+ Kg3 51. Rb4 Ra8+ 52.
Kb3 f5 53. Rb7 Rf8 54. Rg7+ Kf2 55. a4 f4 56. a5 f3 57. Kb4 Ke2 58. a6 f2 59.
Rg2 Kd3 60. Rxf2 Rxf2 61. Kc5 Ra2 62. Kb6 Kc4 63. a7 Rxa7 64. Kxa7 1/2-1/2

[Event "15. Obert Int. Sant Marti 2013"]
[Site "Barcelona ESP"]
[Date "2013.07.14"]
[Round "2.14"]
[White "Uribe Arteaga, Daniel"]
[Black "Satyapragyan, Swayangsu"]
[Result "1/2-1/2"]
[WhiteElo "2274"]
[BlackElo "2464"]
[PlyCount "55"]
[EventDate "2013.07.13"]
[EventType "swiss"]
[EventRounds "9"]
[EventCountry "ESP"]
[SourceTitle "Ajedrez en Madrid"]
[Source "lmi"]
[SourceDate "2013.07.13"]
[SourceVersion "1"]
[SourceVersionDate "2019.06.21"]
[SourceQuality "1"]

1. d4 Nf6 2. c4 e6 3. Nc3 Bb4 4. f3 d5 5. a3 Bxc3+ 6. bxc3 O-O 7. e3 b6 8. cxd5
exd5 9. Bd3 Ba6 10. Ne2 Bxd3 11. Qxd3 Nc6 12. O-O Na5 13. Rb1 Re8 14. Ng3 Qe7
15. Re1 Nc4 16. e4 Nd7 17. Bf4 Qxa3 18. Bxc7 Nc5 19. dxc5 Qxc5+ 20. Qd4 Qxc7
21. exd5 Nd6 22. Ne4 Rad8 23. Nxd6 Qxd6 24. c4 h6 25. Ra1 Re7 26. Rxe7 Qxe7 27.
Rd1 Qd6 28. Qa1 1/2-1/2

[Event "15. Obert Int. Sant Marti 2013"]
[Site "Barcelona ESP"]
[Date "2013.07.14"]
[Round "2.15"]
[White "Gomez Jurado, Luis Alberto"]
[Black "Enchev, Ivajlo"]
[Result "1-0"]
[WhiteElo "2273"]
[BlackElo "2448"]
[PlyCount "95"]
[EventDate "2013.07.13"]
[EventType "swiss"]
[EventRounds "9"]
[EventCountry "ESP"]
[SourceTitle "Ajedrez en Madrid"]
[Source "lmi"]
[SourceDate "2013.07.13"]
[SourceVersion "1"]
[SourceVersionDate "2019.06.21"]
[SourceQuality "1"]

1. c4 c5 2. g3 Nc6 3. Nc3 g6 4. Bg2 Bg7 5. e4 b6 6. Nge2 Bb7 7. d3 d6 8. Be3
Nd4 9. Rb1 h5 10. h4 Nh6 11. Qa4+ Qd7 12. Bxd4 cxd4 13. Nb5 O-O 14. Qa3 f5 15.
Nbxd4 Ng4 16. O-O f4 17. gxf4 e5 18. Nb5 Rad8 19. Qxa7 Qc6 20. Nec3 Ra8 21. Nd5
Rxa7 22. Ne7+ Kh7 23. Nxc6 Rxa2 24. Nb4 Ra4 25. Nd5 exf4 26. Ra1 Rxa1 27. Rxa1
f3 28. Bf1 Bxd5 29. exd5 Be5 30. Bh3 Kh6 31. d4 Bf6 32. b4 Re8 33. Ra3 Re1+ 34.
Bf1 Rb1 35. c5 Bxh4 36. Rxf3 bxc5 37. bxc5 dxc5 38. dxc5 Rb2 39. c6 Ne5 40. Rf8
Kg7 41. c7 Kxf8 42. c8=Q+ Kg7 43. Qc7+ Nf7 44. Nd6 Rxf2 45. Nxf7 Rxf7 46. d6
Bf2+ 47. Kg2 Bd4 48. Bc4 1-0

[Event "15. Obert Int. Sant Marti 2013"]
[Site "Barcelona ESP"]
[Date "2013.07.14"]
[Round "2.16"]
[White "Capellades Subirana, Marc"]
[Black "Saptarshi, Roy"]
[Result "1/2-1/2"]
[WhiteElo "2260"]
[BlackElo "2447"]
[PlyCount "132"]
[EventDate "2013.07.13"]
[EventType "swiss"]
[EventRounds "9"]
[EventCountry "ESP"]
[SourceTitle "Ajedrez en Madrid"]
[Source "lmi"]
[SourceDate "2013.07.13"]
[SourceVersion "1"]
[SourceVersionDate "2019.06.21"]
[SourceQuality "1"]

1. e4 c5 2. Nf3 a6 3. d4 cxd4 4. Nxd4 Nf6 5. Nc3 e5 6. Nb3 Bb4 7. Bd3 O-O 8.
O-O Bxc3 9. bxc3 d5 10. Bg5 dxe4 11. Bxf6 Qxf6 12. Bxe4 Nc6 13. Qf3 Qxf3 14.
Bxf3 Ne7 15. Rfe1 f6 16. a4 Rb8 17. a5 Bf5 18. Nd4 Bg6 19. Rab1 exd4 20. Rxe7
Bxc2 21. Rbxb7 Rxb7 22. Bd5+ Kh8 23. Bxb7 d3 24. Rd7 Re8 25. f4 g5 26. fxg5
fxg5 27. Bxa6 Re5 28. Bxd3 Bxd3 29. Rxd3 Rxa5 30. Rd2 Rc5 31. Rc2 Kg7 32. Kf2
Kf6 33. Ke3 Ke5 34. c4 h5 35. Kd3 Kd6 36. Kd4 Rf5 37. Ra2 Rf4+ 38. Kd3 Rg4 39.
h3 Rg3+ 40. Ke4 Kc5 41. Rc2 h4 42. Kf5 Kd6 43. c5+ Kc6 44. Ke4 g4 45. hxg4
Rxg4+ 46. Kf3 Rg3+ 47. Kf2 Rg4 48. Rc3 Rb4 49. Kg1 Ra4 50. Kh2 Rb4 51. Kh3 Rd4
52. Rc1 Re4 53. Ra1 Kxc5 54. Ra5+ Kd6 55. Rh5 Ke7 56. Rxh4 Re3+ 57. Kg4 Kf6 58.
Rh6+ Kg7 59. Ra6 Rb3 60. Kh4 Rb4+ 61. g4 Rb5 62. g5 Rb1 63. Ra7+ Kg6 64. Ra6+
Kg7 65. Ra7+ Kg6 66. Ra6+ Kg7 1/2-1/2

[Event "15. Obert Int. Sant Marti 2013"]
[Site "Barcelona ESP"]
[Date "2013.07.14"]
[Round "2.17"]
[White "Garcia Blanco, Omar"]
[Black "Arenas, David"]
[Result "0-1"]
[WhiteElo "2253"]
[BlackElo "2437"]
[PlyCount "68"]
[EventDate "2013.07.13"]
[EventType "swiss"]
[EventRounds "9"]
[EventCountry "ESP"]
[SourceTitle "Ajedrez en Madrid"]
[Source "lmi"]
[SourceDate "2013.07.13"]
[SourceVersion "1"]
[SourceVersionDate "2019.06.21"]
[SourceQuality "1"]

1. e4 c5 2. c3 d5 3. exd5 Qxd5 4. d4 g6 5. Nf3 Bg7 6. Na3 cxd4 7. Bc4 Qe4+ 8.
Be3 Nh6 9. cxd4 O-O 10. Qb3 Nc6 11. Bd3 Qg4 12. O-O Nf5 13. h3 Qh5 14. Be2 Nxe3
15. fxe3 Rb8 16. Qd3 Qd5 17. Nb5 Bf5 18. Qd2 Bh6 19. Kf2 a6 20. Nc3 Qd6 21. g4
Bc8 22. Ne4 Qc7 23. d5 f5 24. dxc6 fxe4 25. Qd5+ Kh8 26. Qxe4 bxc6 27. Rab1 c5
28. Kg2 Bb7 29. Qc4 Bxe3 30. b4 Rf4 31. Qe6 Re4 32. Qf7 c4 33. b5 a5 34. Rbe1
Bd2 0-1

[Event "15. Obert Int. Sant Marti 2013"]
[Site "Barcelona ESP"]
[Date "2013.07.14"]
[Round "2.18"]
[White "Lorenzo De La Riva, Lazaro"]
[Black "Thakur, Akash"]
[Result "1-0"]
[WhiteElo "2433"]
[BlackElo "2234"]
[PlyCount "92"]
[EventDate "2013.07.13"]
[EventType "swiss"]
[EventRounds "9"]
[EventCountry "ESP"]
[SourceTitle "Ajedrez en Madrid"]
[Source "lmi"]
[SourceDate "2013.07.13"]
[SourceVersion "1"]
[SourceVersionDate "2019.06.21"]
[SourceQuality "1"]

1. e4 e5 2. Nf3 Nc6 3. d4 exd4 4. Nxd4 Bc5 5. Nb3 Bb4+ 6. Bd2 Qh4 7. Bd3 Nf6 8.
O-O Ng4 9. h3 Nge5 10. Bxb4 Nxb4 11. f4 Ng6 12. Qd2 Nxd3 13. cxd3 O-O 14. f5
Ne7 15. Nc3 d5 16. Rf4 Qh6 17. Qf2 Qb6 18. Re1 Qxf2+ 19. Rxf2 dxe4 20. dxe4 Rd8
21. g4 b6 22. Rd2 Rxd2 23. Nxd2 Ba6 24. Kf2 Rd8 25. Nf3 c5 26. Rd1 Rxd1 27.
Nxd1 Nc6 28. Nc3 f6 29. h4 Kf7 30. g5 b5 31. Ke3 b4 32. Na4 c4 33. Nc5 Bb5 34.
Nd4 Nxd4 35. Kxd4 Ke7 36. a4 bxa3 37. bxa3 fxg5 38. hxg5 h5 39. gxh6 gxh6 40.
e5 h5 41. Ne4 h4 42. Ng5 Bd7 43. f6+ Ke8 44. Nf3 h3 45. Kxc4 Kf7 46. Kd5 Bg4
1-0

[Event "15. Obert Int. Sant Marti 2013"]
[Site "Barcelona ESP"]
[Date "2013.07.14"]
[Round "2.19"]
[White "Guerrero Sierra, Juan Carlos"]
[Black "Prasca Sosa, Rafael"]
[Result "1-0"]
[WhiteElo "2227"]
[BlackElo "2426"]
[PlyCount "47"]
[EventDate "2013.07.13"]
[EventType "swiss"]
[EventRounds "9"]
[EventCountry "ESP"]
[SourceTitle "Ajedrez en Madrid"]
[Source "lmi"]
[SourceDate "2013.07.13"]
[SourceVersion "1"]
[SourceVersionDate "2019.06.21"]
[SourceQuality "1"]

1. e4 e6 2. d4 d5 3. Nc3 Nf6 4. e5 Nfd7 5. f4 c5 6. Nf3 a6 7. Be3 Qb6 8. a3 Nc6
9. Na4 Qa5+ 10. Nc3 Qc7 11. Qd2 Be7 12. Ne2 b5 13. g4 Bb7 14. h4 h5 15. gxh5
Rxh5 16. Ng3 Rh8 17. h5 cxd4 18. Nxd4 Nc5 19. Bd3 Rc8 20. Ke2 Nxd4+ 21. Bxd4
Nxd3 22. cxd3 Qc2 23. Rac1 Qxd2+ 24. Kxd2 1-0

[Event "15. Obert Int. Sant Marti 2013"]
[Site "Barcelona ESP"]
[Date "2013.07.14"]
[Round "2.21"]
[White "Leiro Giralt, Daniel"]
[Black "Bellia, Fabrizio"]
[Result "1/2-1/2"]
[WhiteElo "2220"]
[BlackElo "2415"]
[PlyCount "80"]
[EventDate "2013.07.13"]
[EventType "swiss"]
[EventRounds "9"]
[EventCountry "ESP"]
[SourceTitle "Ajedrez en Madrid"]
[Source "lmi"]
[SourceDate "2013.07.13"]
[SourceVersion "1"]
[SourceVersionDate "2019.06.21"]
[SourceQuality "1"]

1. e4 c6 2. d4 d5 3. exd5 cxd5 4. Nf3 Nc6 5. Ne5 Nxe5 6. dxe5 e6 7. Bd3 Ne7 8.
O-O Nc6 9. f4 Qb6+ 10. Kh1 Bd7 11. Nd2 Nb4 12. Be2 Bb5 13. Nb3 Bxe2 14. Qxe2
Qa6 15. Qxa6 Nxa6 16. Be3 b6 17. a4 Bc5 18. Bd4 Rc8 19. c3 g6 20. g3 h5 21. Kg2
h4 22. g4 h3+ 23. Kg3 Bxd4 24. cxd4 Rc2 25. Rf2 Rc4 26. Rc1 Nb4 27. Rf3 Ke7 28.
Rfc3 Rxc3+ 29. Rxc3 Kd7 30. a5 Nc6 31. axb6 axb6 32. Rd3 Nb4 33. Rc3 Ra8 34.
Nd2 Nc6 35. Nf3 Ra4 36. Rd3 Rb4 37. b3 Na5 38. Nd2 Nc6 39. Nf3 Na5 40. Nd2 Nc6
1/2-1/2

[Event "15. Obert Int. Sant Marti 2013"]
[Site "Barcelona ESP"]
[Date "2013.07.14"]
[Round "2.22"]
[White "Gallego Alcaraz, Andres Felipe"]
[Black "Salazar, Aura Cristina"]
[Result "1-0"]
[WhiteElo "2414"]
[BlackElo "2200"]
[PlyCount "75"]
[EventDate "2013.07.13"]
[EventType "swiss"]
[EventRounds "9"]
[EventCountry "ESP"]
[SourceTitle "Ajedrez en Madrid"]
[Source "lmi"]
[SourceDate "2013.07.13"]
[SourceVersion "1"]
[SourceVersionDate "2019.06.21"]
[SourceQuality "1"]

1. d4 Nf6 2. c4 g6 3. Nc3 Bg7 4. e4 d6 5. Nf3 O-O 6. Be2 e5 7. O-O Na6 8. Be3
Qe7 9. dxe5 dxe5 10. Nd5 Qd8 11. Nxf6+ Qxf6 12. c5 Nb4 13. Qb3 Nc6 14. Rad1 h6
15. h3 a5 16. Ne1 a4 17. Qa3 Be6 18. Nc2 Qe7 19. Bb5 f5 20. exf5 gxf5 21. f4 e4
22. Rf2 Na5 23. Rfd2 Nb3 24. Rd7 Qh4 25. Rxc7 Rfd8 26. Rd6 Qg3 27. Rxe6 Rd1+
28. Bf1 Na1 29. Nxa1 Qe1 30. Rg6 Qxf1+ 31. Kh2 Qh1+ 32. Kg3 Rd3 33. Rgxg7+ Kf8
34. Nc2 Rxa3 35. Nxa3 Rd8 36. c6 b6 37. Rcf7+ Ke8 38. c7 1-0

[Event "15. Obert Int. Sant Marti 2013"]
[Site "Barcelona ESP"]
[Date "2013.07.14"]
[Round "2.23"]
[White "Sanchez Ibern, Marc"]
[Black "Dalo, Hermes"]
[Result "1/2-1/2"]
[WhiteElo "2408"]
[BlackElo "2148"]
[PlyCount "51"]
[EventDate "2013.07.13"]
[EventType "swiss"]
[EventRounds "9"]
[EventCountry "ESP"]
[SourceTitle "Ajedrez en Madrid"]
[Source "lmi"]
[SourceDate "2013.07.13"]
[SourceVersion "1"]
[SourceVersionDate "2019.06.21"]
[SourceQuality "1"]

1. e4 c5 2. Nf3 e6 3. g3 Nc6 4. Bg2 d6 5. O-O Nf6 6. Qe2 Qc7 7. c3 Be7 8. d4 e5
9. dxc5 dxc5 10. Nbd2 Be6 11. Nh4 O-O 12. f4 Rad8 13. f5 Bc8 14. Bf3 g5 15. Ng2
h6 16. h4 gxh4 17. gxh4 Kh7 18. Nc4 Rg8 19. Nce3 Nb8 20. Bd2 b6 21. c4 Nc6 22.
Nc2 Nd4 23. Nxd4 cxd4 24. Rac1 Bb7 25. Kh2 Rg7 26. Ne1 1/2-1/2

[Event "15. Obert Int. Sant Marti 2013"]
[Site "Barcelona ESP"]
[Date "2013.07.14"]
[Round "2.24"]
[White "Real Pereyra, Diana Carime"]
[Black "Pulvett, Daniel"]
[Result "0-1"]
[WhiteElo "2076"]
[BlackElo "2405"]
[PlyCount "122"]
[EventDate "2013.07.13"]
[EventType "swiss"]
[EventRounds "9"]
[EventCountry "ESP"]
[SourceTitle "Ajedrez en Madrid"]
[Source "lmi"]
[SourceDate "2013.07.13"]
[SourceVersion "1"]
[SourceVersionDate "2019.06.21"]
[SourceQuality "1"]

1. d4 Nf6 2. Nc3 d5 3. Bg5 Bf5 4. f3 Nbd7 5. Nxd5 Nxd5 6. e4 h6 7. Bh4 N7b6 8.
c3 g5 9. Bf2 Bg6 10. exd5 Qxd5 11. Bd3 Rg8 12. Ne2 O-O-O 13. O-O e5 14. Bxg6
Rxg6 15. Qb3 exd4 16. Qxd5 Rxd5 17. Nxd4 c5 18. Nb3 Nc4 19. Rfe1 Bd6 20. Re2
Kd7 21. Rae1 Re6 22. Bg3 Rxe2 23. Rxe2 Rd1+ 24. Kf2 f5 25. Bxd6 Kxd6 26. Re8
Rb1 27. Rd8+ Kc7 28. Rh8 Rxb2+ 29. Kg3 Ne3 30. Nxc5 Rxg2+ 31. Kh3 g4+ 32. fxg4
fxg4+ 33. Kh4 g3 34. h3 Nf5+ 35. Kg4 Rf2 36. Ne6+ Kd6 37. Nf4 g2 38. Nxg2 Rxg2+
39. Kxf5 Rxa2 40. Rxh6+ Kd5 41. Rh7 b5 42. h4 a5 43. h5 a4 44. h6 Rh2 45. Rh8
Kc4 46. h7 Kb3 47. Kg6 Kxc3 48. Rc8+ Kb3 49. h8=Q Rxh8 50. Rxh8 a3 51. Rh3+ Ka4
52. Kf5 b4 53. Rh8 b3 54. Ra8+ Kb4 55. Ke4 b2 56. Rb8+ Kc3 57. Rc8+ Kd2 58. Rb8
Kc3 59. Rc8+ Kd2 60. Rb8 Ke1 61. Rh8 a2 0-1

[Event "15. Obert Int. Sant Marti 2013"]
[Site "Barcelona ESP"]
[Date "2013.07.14"]
[Round "2.26"]
[White "Sequera Paolini, Jose"]
[Black "De Azua Arpi, Rafael"]
[Result "1-0"]
[WhiteElo "2394"]
[BlackElo "1943"]
[PlyCount "75"]
[EventDate "2013.07.13"]
[EventType "swiss"]
[EventRounds "9"]
[EventCountry "ESP"]
[SourceTitle "Ajedrez en Madrid"]
[Source "lmi"]
[SourceDate "2013.07.13"]
[SourceVersion "1"]
[SourceVersionDate "2019.06.21"]
[SourceQuality "1"]

1. e4 e6 2. f4 d5 3. e5 c5 4. Nf3 Nc6 5. c3 Nh6 6. Na3 Be7 7. Bd3 f5 8. Nc2 Bd7
9. Be2 Qb6 10. d4 O-O 11. O-O Rac8 12. Kh1 cxd4 13. Nfxd4 Nxd4 14. Nxd4 Bc5 15.
a4 a6 16. Nb3 Be7 17. h3 Nf7 18. Rf3 Kh8 19. Be3 Qd8 20. Bd4 g5 21. g3 Rg8 22.
Bd3 Nh6 23. Re3 Qe8 24. Na5 Qg6 25. fxg5 Bxg5 26. Rf3 Bh4 27. Qe2 Be7 28. Nxb7
Qh5 29. Qg2 Rg7 30. Nd6 Rcg8 31. Rg1 f4 32. Rxf4 Rxg3 33. Qxg3 Rxg3 34. Rxg3
Bxa4 35. Rf2 Bd1 36. Kg1 Ba4 37. Be2 Qh4 38. Rfg2 1-0

[Event "15. Obert Int. Sant Marti 2013"]
[Site "Barcelona ESP"]
[Date "2013.07.14"]
[Round "2.27"]
[White "Khaetsky, Roman"]
[Black "Vargas Drechsler, Carlos"]
[Result "1-0"]
[WhiteElo "2424"]
[BlackElo "1903"]
[PlyCount "83"]
[EventDate "2013.07.13"]
[EventType "swiss"]
[EventRounds "9"]
[EventCountry "ESP"]
[SourceTitle "Ajedrez en Madrid"]
[Source "lmi"]
[SourceDate "2013.07.13"]
[SourceVersion "1"]
[SourceVersionDate "2019.06.21"]
[SourceQuality "1"]

1. e4 e5 2. Nf3 Nc6 3. Bb5 a6 4. Ba4 Nf6 5. d4 exd4 6. O-O Be7 7. Re1 b5 8. Bb3
d6 9. a4 Bb7 10. axb5 axb5 11. Rxa8 Qxa8 12. Na3 Ba6 13. Bd5 O-O 14. Nxd4 Nxd5
15. Nxc6 Qxc6 16. exd5 Qd7 17. Qd4 Bf6 18. Qa7 Re8 19. Rxe8+ Qxe8 20. Be3 Qc8
21. c3 b4 22. cxb4 Bxb2 23. b5 Bb7 24. Nc4 Bf6 25. b6 h6 26. h3 Bd8 27. Na5
Bxd5 28. b7 Bxb7 29. Nxb7 Bf6 30. Qa6 Qf5 31. Qc6 Qb1+ 32. Kh2 Qd1 33. Qxc7
Be5+ 34. g3 Bxg3+ 35. Kxg3 Qg1+ 36. Kf3 Qh1+ 37. Ke2 Qxh3 38. Qxd6 Qg4+ 39. Kd2
Qc4 40. Qd8+ Kh7 41. Qd3+ Qxd3+ 42. Kxd3 1-0

[Event "15. Obert Int. Sant Marti 2013"]
[Site "Barcelona ESP"]
[Date "2013.07.14"]
[Round "2.28"]
[White "Saez Coma, Alejandro"]
[Black "Hayrapetyan, Hovik"]
[Result "0-1"]
[WhiteElo "2025"]
[BlackElo "2486"]
[PlyCount "70"]
[EventDate "2013.07.13"]
[EventType "swiss"]
[EventRounds "9"]
[EventCountry "ESP"]
[SourceTitle "Ajedrez en Madrid"]
[Source "lmi"]
[SourceDate "2013.07.13"]
[SourceVersion "1"]
[SourceVersionDate "2019.06.21"]
[SourceQuality "1"]

1. d4 d5 2. c4 dxc4 3. e3 e5 4. Bxc4 exd4 5. exd4 Nf6 6. Nf3 Bd6 7. O-O O-O 8.
Nc3 h6 9. Ne5 Nbd7 10. Re1 Nb6 11. Bb3 Be6 12. Bxe6 fxe6 13. Bf4 c6 14. Bg3
Bxe5 15. Bxe5 Nbd5 16. Qe2 Rf7 17. Bg3 Qa5 18. Ne4 Nxe4 19. Qxe4 Re8 20. a3 Qb5
21. Re2 Nf4 22. Bxf4 Rxf4 23. Qxf4 Qxe2 24. Rb1 Qc2 25. Qc1 Qxc1+ 26. Rxc1 Rd8
27. Kf1 Rxd4 28. Ke2 Kf7 29. Ke3 e5 30. g3 g5 31. h3 h5 32. f3 Ke6 33. Rf1 Kd5
34. f4 gxf4+ 35. gxf4 Re4+ 0-1

[Event "15. Obert Int. Sant Marti 2013"]
[Site "Barcelona ESP"]
[Date "2013.07.14"]
[Round "2.29"]
[White "Lien, Kjell Hakon"]
[Black "Valsecchi, Alessio"]
[Result "0-1"]
[WhiteElo "1910"]
[BlackElo "2412"]
[PlyCount "38"]
[EventDate "2013.07.13"]
[EventType "swiss"]
[EventRounds "9"]
[EventCountry "ESP"]
[SourceTitle "Ajedrez en Madrid"]
[Source "lmi"]
[SourceDate "2013.07.13"]
[SourceVersion "1"]
[SourceVersionDate "2019.06.21"]
[SourceQuality "1"]

1. e4 c5 2. Nf3 e6 3. b3 b6 4. Bb2 Bb7 5. Nc3 a6 6. Be2 Ne7 7. O-O Ng6 8. d4
cxd4 9. Nxd4 Qc7 10. Bd3 Bc5 11. Nce2 O-O 12. Kh1 Nc6 13. Nxc6 Bxc6 14. f4 f5
15. exf5 Nh4 16. h3 Bxg2+ 17. Kh2 Bxf1 18. Qxf1 exf5 19. b4 Be7 0-1

[Event "15. Obert Int. Sant Marti 2013"]
[Site "Barcelona ESP"]
[Date "2013.07.14"]
[Round "2.30"]
[White "Laxman, R.R.."]
[Black "Haug, Johannes"]
[Result "1-0"]
[WhiteElo "2401"]
[BlackElo "2042"]
[PlyCount "63"]
[EventDate "2013.07.13"]
[EventType "swiss"]
[EventRounds "9"]
[EventCountry "ESP"]
[SourceTitle "Ajedrez en Madrid"]
[Source "lmi"]
[SourceDate "2013.07.13"]
[SourceVersion "1"]
[SourceVersionDate "2019.06.21"]
[SourceQuality "1"]

1. d4 Nf6 2. c4 e6 3. Nf3 b6 4. e3 Bb7 5. Nc3 Bb4 6. Bd2 O-O 7. Bd3 d6 8. Qc2
Nbd7 9. a3 Bxc3 10. Bxc3 Qe7 11. O-O-O e5 12. Bf5 g6 13. Bxd7 Nxd7 14. h4 exd4
15. exd4 Qe4 16. Qd2 Qg4 17. Ng5 Qxg2 18. h5 h6 19. Rdg1 Qxh1 20. Rxh1 Bxh1 21.
Nh3 g5 22. Nxg5 hxg5 23. Qxg5+ Kh8 24. Qh6+ Kg8 25. f3 Rae8 26. Qg5+ Kh8 27.
Qf5 Re3 28. Qxd7 Rxf3 29. d5+ f6 30. Qe7 Rf1+ 31. Kd2 Kg8 32. h6 1-0

[Event "15. Obert Int. Sant Marti 2013"]
[Site "Barcelona ESP"]
[Date "2013.07.14"]
[Round "2.31"]
[White "Basencyan, Mark"]
[Black "Larsen, Karsten"]
[Result "1-0"]
[WhiteElo "2130"]
[BlackElo "2270"]
[PlyCount "71"]
[EventDate "2013.07.13"]
[EventType "swiss"]
[EventRounds "9"]
[EventCountry "ESP"]
[SourceTitle "Ajedrez en Madrid"]
[Source "lmi"]
[SourceDate "2013.07.13"]
[SourceVersion "1"]
[SourceVersionDate "2019.06.21"]
[SourceQuality "1"]

1. d4 c5 2. d5 d6 3. c4 g6 4. Nc3 Bg7 5. e4 Nf6 6. Bd3 O-O 7. h3 e6 8. Nf3 a6
9. O-O e5 10. Rb1 Nh5 11. Re1 Qe8 12. b4 cxb4 13. Rxb4 Nd7 14. Na4 f5 15. Ng5
fxe4 16. Nxe4 Qe7 17. Bg5 Bf6 18. Be3 Nf4 19. Bf1 b5 20. cxb5 axb5 21. Bxb5 Rb8
22. Rb3 Bg7 23. Bf1 Ra8 24. Nac3 Nf6 25. Nxf6+ Qxf6 26. Ne4 Qe7 27. Rb6 Rxa2
28. Qb3 Ra8 29. Nxd6 Qg5 30. Nxc8 Nxh3+ 31. Kh2 Nf4 32. d6+ Kh8 33. d7 Qh5+ 34.
Kg1 Bh6 35. Bxf4 Bxf4 36. Qh3 1-0

[Event "15. Obert Int. Sant Marti 2013"]
[Site "Barcelona ESP"]
[Date "2013.07.14"]
[Round "2.32"]
[White "Guttulsrud, Odd Martin"]
[Black "Ramirez Medina, Victor"]
[Result "1-0"]
[WhiteElo "2212"]
[BlackElo "2012"]
[PlyCount "45"]
[EventDate "2013.07.13"]
[EventType "swiss"]
[EventRounds "9"]
[EventCountry "ESP"]
[SourceTitle "Ajedrez en Madrid"]
[Source "lmi"]
[SourceDate "2013.07.13"]
[SourceVersion "1"]
[SourceVersionDate "2019.06.21"]
[SourceQuality "1"]

1. e4 c5 2. Nf3 d6 3. d4 cxd4 4. Nxd4 Nf6 5. Nc3 a6 6. Be3 e6 7. f3 b5 8. Qd2
Nbd7 9. g4 h6 10. O-O-O Bb7 11. Bd3 d5 12. exd5 Nxd5 13. Nxe6 fxe6 14. Bg6+ Ke7
15. Nxd5+ Bxd5 16. Rhe1 Nf6 17. h4 Kd7 18. g5 hxg5 19. hxg5 Ne8 20. Bf4 Qb6 21.
Bf5 Bd6 22. Qxd5 exf5 23. Qxa8 1-0

[Event "15. Obert Int. Sant Marti 2013"]
[Site "Barcelona ESP"]
[Date "2013.07.14"]
[Round "2.33"]
[White "Ortiz Suarez, Isan Reynaldo"]
[Black "Julian Barrachina, Lluis"]
[Result "1-0"]
[WhiteElo "2612"]
[BlackElo "2163"]
[PlyCount "55"]
[EventDate "2013.07.13"]
[EventType "swiss"]
[EventRounds "9"]
[EventCountry "ESP"]
[SourceTitle "Ajedrez en Madrid"]
[Source "lmi"]
[SourceDate "2013.07.13"]
[SourceVersion "1"]
[SourceVersionDate "2019.06.21"]
[SourceQuality "1"]

1. d4 Nf6 2. c4 e6 3. Nf3 b6 4. g3 Bb7 5. Bg2 Bb4+ 6. Bd2 Be7 7. O-O O-O 8. Nc3
Ne4 9. d5 Nxd2 10. Qxd2 Qc8 11. Rad1 d6 12. Bh3 f5 13. Nd4 e5 14. Nxf5 Rxf5 15.
e4 Qf8 16. Bxf5 Bc8 17. f4 exf4 18. Bxc8 Qxc8 19. gxf4 Nd7 20. Rde1 Bf6 21. Nb5
a6 22. Nd4 Bxd4+ 23. Qxd4 Nf6 24. Kh1 Qh3 25. Qe3 Qh4 26. e5 dxe5 27. fxe5 Ng4
28. Qf4 1-0